| 000 | 01245nam a2200229Ia 4500 | ||
|---|---|---|---|
| 001 | 10379 | ||
| 003 | GE_BSU | ||
| 008 | 181216s||||||||xx |||||||||||||| ||und|| | ||
| 020 | _a9789992847268 | ||
| 040 | _cGE_BSU | ||
| 080 | _a821.353.1+821.353.1-1+821.353.1-32+821.353.1-92+821.353.1-5 | ||
| 245 | _aქართული მწერლობა 40 ტომად. ტ.11.ილია ჭავჭავაძე:პროზა,პოეზია,წერილები,სიტყვები | ||
| 245 | _cშემდგ.ა.ბაქრაძე,რ.თვარაძე,სარედ.კოლ.ა.ბაქრაძე და სხვ. მხატვ.გ.ღლონტი | ||
| 260 | _aთბილისი | ||
| 260 | _bნაკადული | ||
| 260 | _c1996 | ||
| 300 | _a704გვ.20სმ. | ||
| 520 | _aტომეული თავდაპირველად გამოდიოდა 30ტომად.2007 წლის შემდეგ გამოდის 40 ტომად | ||
| 653 | _aილია ჭავჭავაძე:პროზა,პოეზია,წერილები,სიტყვები | ||
| 653 | _aქართული მწერლობა | ||
| 942 | _cBK | ||
| 999 |
_c43643 _d43643 |
||